| 000 | 01234 a2200217 4500 | ||
|---|---|---|---|
| 005 | 20080909125425.0 | ||
| 008 | 080909t xxu||||| |||| 00| 0 hin d | ||
| 010 | _aHIN-79296 | ||
| 020 | _c300.00 | ||
| 035 | _aHN-51642 | ||
| 037 | _bD.B.Act / ven | ||
| 082 | _a808.8144 | ||
| 245 |
_aढोला मारू रा दूहा _b(राजस्थानी लोकगाथाः मूल एवं टीका सहित) _cसंपादक कृष्णकुमार शर्मा |
||
| 260 |
_aजयपुर _bकाँलेज बुक डिपो _c2006 |
||
| 260 | _aनई दिल्ली (वितरक) विश्वभारती पब्लिकेशन्स | ||
| 270 |
_a83,त्रिपोलिया बाजार _bजयपुर |
||
| 270 | _a4378/4बी, अंसारी रोड, दरियागंज | ||
| 300 |
_a158पृ _c22 सेमी (सजिल्द) |
||
| 942 |
_adpl _cHN _k808.8144 / ढोलामा _2ddc _h808.8144 _mढोलामा |
||
| 999 |
_c1502 _d1502 |
||